Statistics for Spanish Words for Fruits

Click here to take the quiz!

General Stats

  • This quiz has been taken 27 times
  • The average score is 9 of 16

Answer Stats

EnglishSpanish% Correct
Mangoel mango
100%
Orangela naranja
100%
Limela lima
89%
Lemonel limón
78%
Strawberryla fresa
78%
Applela manzana
78%
Pearla pera
78%
Bananala banana
67%
Pineapplela piña
67%
Avocadoel aguacate
56%
Cherryla cereza
56%
Plantainel plátano
33%
Tangerinela mandarina
33%
Jackfruitla yaca
11%
Blueberryel arándano
0%
Plumel ciruelo
0%

Score Distribution

Percentile by Number Answered

Percent of People with Each Score

Your Score History

You have not taken this quiz